Neignorujme zahraniční kapitál

Rozhovor s Gernotom Dietrom Grieblingom, hlavným analytikom a ekonomickým odborníkom nemeckej banky LBBW, o problematike bankovej únie, recesii a príležitostí pre Európu.

Salvato in:
Dettagli Bibliografici
Autore principale: Houdek, Tomáš
Altri autori: Griebling, Gernot Dieter
Natura: Capitolo di libro
Lingua:ceco
Soggetti:
Tags: Aggiungi Tag
Nessun Tag, puoi essere il primo ad aggiungerne!!

MARC

LEADER 00000naa a2200000 4500
001 0179621
005 20231211082831.2
041 0 |a cze 
044 |a CZ 
245 1 0 |a Neignorujme zahraniční kapitál  |c Tomáš Houdek, Gernot Dieter Griebling 
520 |a Rozhovor s Gernotom Dietrom Grieblingom, hlavným analytikom a ekonomickým odborníkom nemeckej banky LBBW, o problematike bankovej únie, recesii a príležitostí pre Európu. 
610 2 0 |a interview 
610 2 0 |a manažéri 
610 2 0 |a rozhodovanie manažérske 
610 2 0 |a ekonómovia 
610 2 0 |a riadenie 
610 2 0 |a vedenie 
610 2 0 |a banky 
610 2 0 |a bankovníctvo 
100 1 |a Houdek, Tomáš 
700 1 |a Griebling, Gernot Dieter